000 00543nam a2200205Ia 4500
005 20250508170019.0
008 008 250505s9999 xx 000 0 hin d
020 _a978-81-7138-066-4
037 _aTextual
040 _aFEDL
_beng
_cFEDL
041 _ahin
_2eng
084 _a891.433, YAD
_qFEDL
100 _aYadav Usha
245 0 _aUske hisse ki dhoop
260 _aNew Delhi, India
_bSamayik Prakashan
_c2018
300 _a240p.
365 _aINR
_b500
942 _cTEXL
_h891.433, YAD
999 _c1398682
_d1398682